000 00439nam a22001817a 4500
003 MPLRDC
005 20220104113915.0
008 210129b ||||| |||| 00| 0 eng d
020 _a7-5057-0098-7
082 _a848.2 WYQ v.15 c.2
100 _a文亦奇著
245 _a鬼谍
_c
250 _a一版一刷
260 _a
_b中国文联出版公司
_c1988
300 _b
650 _a现代别集
942 _cBK
_o848.2 WYQ v.15 c.2
999 _c3300
_d3290